000 01627nam a2200337 i 4500
003 EG-GICUC
005 20260429105708.0
008 260429s2006 ua ||||fr|||| 00| 0 ara d
040 _a EG-GICUC
_bara
_c EG-GICUC
_d EG-GICUC
_erda
041 _aara
_hara
082 0 4 _221
_a345.248
_bع ل . ق
092 0 4 _221
099 _aLaw1 07 345.248 ع ل . ق 2006
100 1 _aعلي الدين زيدان
_eAuthor.
245 1 2 _aالموسوعه الشامله فى شرح القضاء الاداري :
_bمعلقا عليها باحداث اراء الفقه والقضاء الاداري واحكام المحكمه الاداريه العليا والمحكمه الدستوريه العليا.
_nالجزء الخامس,
_pقانون النيابه الاداريه - الدفوع الاداريه /
_cعلي الدين زيدان , محمد السيد.
264 1 _aالقاهره :
_bالمكتب الفني للاصدارت القانونيه,
_c2006.
300 _a367صفحة
_bإيضاحيات، صور، مثيليات ؛
_c24 سم
336 _2rda content
_atext
337 _2rda media
_aComputer
338 _2rda carrier
_aOnline Resource
504 _aيشتمل على ارجاعات ببلوجلرافيه
504 _aببليوجرافيا : صفحات 347-367
546 _aالنص باللغة العربية
650 1 4 _aقانون مجلس الدوله
_2qrmak
650 1 4 _aالنيابه الاداريه
_2qrmak
651 1 _2qrmak
700 1 _aمحمد السيد
_eمؤلف.
856 4 0 _uhttps://fll.law.cu.edu.eg/B07-04625/bks/test.pdf
905 _a163
942 _2ddc
_cBK
_e21
_n0
999 _c74050
_d74050